Artisti e canzoni che hanno vinto il Festival di Sanremo - Statistics

Statistiche generali
  • Questo quiz è stato fatto 1.352 volte
    506 dall'ultimo reset
  • Il punteggio medio è 64 su 176
Statistiche sulle risposte
Anno Cantante % Corretto
2025 Olly
87%
2024 Angelina Mango
85%
2022 Blanco
84%
2019 | 2022 Mahmood
83%
2021 Maneskin
82%
2013 | 2023 Marco Mengoni
82%
2020 Diodato
77%
2024 La noia
74%
2019 Soldi
73%
2018 Ermal Meta
72%
2017 Francesco Gabbani
72%
2025 Balorda nostalgia
71%
1995 Giorgia
71%
2018 Fabrizio Moro
70%
2022 Brividi
69%
1958 | 1959 | 1962 | 1966 Domenico Modugno
69%
2001 Elisa
68%
2014 Arisa
67%
2012 Emma
67%
2021 Zitti e buoni
66%
1987 Gianni Morandi
65%
2020 Fai rumore
63%
2017 Occidentali's Karma
63%
2023 Due vite
62%
2015 Il volo
61%
2018 Non mi avete fatto niente
58%
2013 L'essenziale
57%
2016 Stadio
55%
1951 | 1952 Nilla Pizzi
53%
1958 Nel blu dipinto di blu
52%
1967 | 1969 | 1974 Iva Zanicchi
51%
1988 Massimo Ranieri
51%
1984 Al Bano
50%
1989 | 1999 Anna Oxa
50%
2009 Marco Carta
50%
2015 Grande amore
49%
2010 Valerio Scanu
49%
1986 Eros Ramazzotti
47%
2005 Francesco Renga
47%
1985 Ricchi e Poveri
47%
2011 Roberto Vecchioni
47%
1984 Romina Power
47%
1987 Umberto Tozzi
47%
1970 Adriano Celentano
46%
1997 Jalisse
46%
2001 Luce (tramonti a nord est)
46%
1990 Pooh
46%
2007 Simone Cristicchi
46%
1987 | 1993 Enrico Ruggeri
45%
2014 Controvento
43%
1955 | 1957 | 1962 | 1967 Claudio Villa
41%
1964 | 1966 Gigliola Cinquetti
41%
1987 Si può dare di più
40%
1951 Grazie dei fiori
39%
2012 Non è l'inferno
39%
2005 Angelo
38%
1989 Fausto Leali
38%
2007 Ti regalerò una rosa
38%
1995 Come saprei
37%
1988 Perdere l'amore
37%
2006 Povia
37%
1969 Zingara
37%
1997 Fiumi di parole
36%
2004 Marco Masini
36%
1978 Matia Bazar
36%
1996 Ron
36%
2002 Matia Bazar
35%
1980 Toto Cutugno
35%
1965 | 1969 Bobby Solo
33%
2009 La forza mia
33%
2008 Giò di Tonno
32%
2008 Lola Ponce
32%
1990 Uomini soli
32%
1964 Non ho l'età (per amarti)
31%
1973 | 1976 Peppino di Capri
31%
1991 Riccardo Cocciante
31%
2011 Chiamami ancora amore
30%
1989 Ti lascerò
30%
1996 Tosca
30%
1982 Riccardo Fogli
29%
1971 | 1972 Nicola di Bari
28%
2000 Piccola orchestra Avion Travel
28%
2016 Un giorno mi dirai
28%
1952 Vola Colomba
28%
2003 Alexia
27%
1981 Alice
27%
1984 Ci sarà
27%
2004 L'uomo volante
27%
1993 Mistero
27%
1971 Nada
27%
2010 Per tutte le volte che...
27%
2006 Vorrei avere il becco
27%
1996 Vorrei incontrarti fra cent'anni
27%
1994 Aleandro Baldi
26%
1981 Per Elisa
26%
1986 Adesso tu
25%
1998 Annalisa Minetti
25%
1992 Luca Barbarossa
25%
1970 Claudia Mori
24%
1983 Tiziana Rivale
24%
1958 | 1959 Johnny Dorelli
23%
1982 Storie di tutti i giorni
22%
1985 Se m'innamoro
21%
2000 Sentimento
21%
1999 Senza pietà
21%
1970 Chi non lavora non fa l'amore
20%
1971 Il cuore è uno zingaro
20%
1992 Portami a ballare
20%
1983 Sarà quel che sarà
20%
1968 Sergio Endrigo
20%
1991 Se stiamo insieme
19%
1980 Solo noi
19%
2008 Colpo di fulmine
18%
1975 Gilda
18%
1977 Homo Sapiens
18%
1998 Senza te o con te
18%
1963 Tony Renis
18%
1953 Carla Boni
17%
2002 Messaggio d'amore
17%
1994 Passerà
17%
1959 Piove (ciao ciao bambina)
17%
1960 Tony Dallara
17%
1954 Giorgio Consolini
16%
1979 Mino Vergnaghi
16%
1975 Ragazza del sud
16%
1977 Bella da morire
15%
1957 Corde della mia chitarra
15%
2003 Per dire di no
15%
1960 Renato Rascel
15%
1960 Romantica
15%
1965 Se piangi se ridi
15%
1953 Viale d'autunno
15%
1979 Amare
14%
1956 Aprite le finestre
14%
1956 Franca Raimondi
14%
1954 Gino Latilla
14%
1972 I giorni dell'arcobaleno
14%
1966 Dio come ti amo
13%
1978 ...e dirsi ciao
13%
1953 Flo Sandon's
13%
1954 Tutte le mamme
13%
1974 Ciao cara come stai?
12%
1957 Nunzio Gallo
12%
1973 Un grande amore e niente più
12%
1691 Al di là
11%
1961 Betty Curtis
11%
1955 Buongiorno tristezza
11%
1961 Luciano Tajoli
11%
1955 Tullio Pane
11%
1968 Canzone per te
10%
1962 Addio... addio
9%
1963 Emilio Pericoli
9%
1976 Non lo faccio più
9%
1967 Non pensare a me
9%
1964 Patricia Carli
9%
1963 Uno per tutte
8%
1965 The New Christy Minstrels
7%
1968 Roberto Carlos Braga
4%
Nessun quiz corrispondente trovato
Distribuzione punteggi
Percentuale di utenti per punteggio
Percentile per numero di risposta
I tuoi punteggi nel tempo
Non hai fatto questo quiz dall'ultimo reset